Ekonomická kríza a jej vplyv na poistný trh v SR bakalárska práca

Saved in:
Bibliographic Details
Main Author: Očipa, Marcel
Corporate Author: Podnikovohospodárska fakulta EU so sídlom v Košiciach. Katedra ekonómie
Other Authors: Pelegrinová, Lenka, 1983-
Format: Book
Language:Slovak
Published: Košice 2009
Tags: Add Tag
No Tags, Be the first to tag this record!

MARC

LEADER 00000nam$a2200000$$$4500
001 0106262
005 20240827092123.4
041 0 |a slo 
044 |a SK 
245 1 0 |a Ekonomická kríza a jej vplyv na poistný trh v SR  |b bakalárska práca  |c Marcel Očipa ; škol. Lenka Pelegrínová 
264 1 |a Košice  |c 2009 
300 |a 58 s. 
100 1 |a Očipa, Marcel 
700 1 |a Pelegrinová, Lenka, 1983- 
710 2 |a Podnikovohospodárska fakulta EU so sídlom v Košiciach. Katedra ekonómie